000 01284nam a2200349 i 4500
999 _c68832
_d68832
001 101205
003 Mx-PuUPA
005 20220302075613.0
008 200313s2014 mx a ar 00| 1 spa d
020 _a9786072412644
040 _aMx-PuUPA
_bspa
_cMx-PuUPA
_dMx-PuUPA
_erda
041 0 _aspa
100 1 _aHernández Palacios, Esther,
_d1952-
_eautor
_95451
245 1 3 _aEl cromosoma de Beatriz /
_cEster Hernández Palacios ; ilustraciones de Teresa Martínez.
250 _a9786072412644
250 _a9789687791760 de la colección El barco de vapor.
264 3 1 _aCiudad de México :
_bEdiciones SM,
_c2014
300 _a61 páginas :
_bilustraciones ;
_c21 cm.
336 _2rdacontent
_atexto
_btxt
337 _2rdamedia
_asin medio
_bn
338 _2rdacarrier
_avolumen
_bnc
490 1 _aEl barco de vapor. Blanca ;
_v48 M
650 1 4 _aCuentos mexicanos
_vFicción infantil
650 1 4 _aSíndrome de Down
_vFicción infantil
650 1 4 _aAventuras
_vFicción infantil
700 1 _aMartínez, Teresa,
_eilustrador
830 3 _aEl barco de vapor.
_pBlanca ;
_v48 M
942 _2ddc
_cLI
_h808.8035234
_iB2248